[Event "61st World Juniors 2024"]
[Site "Gandhinagar IND"]
[Date "2024.06.06"]
[Round "5.40"]
[White "Sri Charan Sandipagu"]
[Black "Alekhya, Mukhopadhyay"]
[Result "0-1"]
[WhiteElo "1924"]
[BlackElo "2130"]
[WhiteFideId "25174657"]
[BlackFideId "25600826"]
[EventDate "2024.06.02"]

1. e4 c5 2. Nf3 e6 3. d4 cxd4 4. Nxd4 Nc6 5. Nc3 Qc7 6. Be3 a6 7. Qd2 Nf6 8.
O-O-O Be7 9. f3 O-O 10. g4 b5 11. h4 Bb7 12. g5 Nh5 13. Bh3 Ne5 14. Nce2 Nc4 15.
Qd3 Nxe3 16. Qxe3 Bd6 17. Kb1 Rac8 18. Qd3 Rfd8 19. Rhg1 g6 20. Bg4 Nf4 21. Nxf4
Bxf4 22. h5 Bxg5 23. Rg2 Qc4 24. hxg6 hxg6 25. Qxc4 Rxc4 26. Nb3 Rc7 27. Na5 Bc8
28. Bh3 Be3 29. Rd3 Bb6 30. Nb3 Kf8 31. f4 Bb7 32. Re2 Ke7 33. f5 gxf5 34. exf5
Rg8 35. a3 Rg1+ 36. Ka2 a5 37. Nd4 Bd5+ 38. b3 Bc4 39. bxc4 bxc4 40. f6+ Kf8 41.
Rf3 Bxd4 42. c3 Ba7 43. Rb2 Rg5 44. Rf4 Ke8 45. Rh4 d6 46. Bxe6 fxe6 47. Rh8+
Kd7 48. f7 Rf5 49. f8=Q Rxf8 50. Rxf8 Kc6 51. a4 e5 52. Re8 Bc5 53. Ra8 Kd5 54.
Rh8 Rf7 55. Rh3 e4 56. Rh5+ Ke6 57. Re2 e3 58. Rxc5 Rf2 59. Rxc4 Rxe2+ 60. Kb3
d5 61. Rc8 Ke5 62. Re8+ Kf4 63. Rf8+ Ke4 64. Re8+ Kf3 65. Rf8+ Kg2 66. Rg8+ Kf1
67. Re8 Re1 68. Kc2 Ke2 69. Re5 Rd1 70. Rf5 Rd2+ 71. Kc1 Ke1 72. Rh5 Rf2 73. Rh3
e2 74. Kc2 Rf4 75. Rh1+ Kf2 76. Kd2 Re4 77. Rh2+ Kf1 78. Rh1+ Kg2 79. Ra1 Kf2
80. Re1 Re8 0-1

[Event "61st World Juniors 2024"]
[Site "Gandhinagar IND"]
[Date "2024.06.06"]
[Round "5.41"]
[White "Fecker, Noah"]
[Black "Vihaan Karthikeya N"]
[Result "1-0"]
[WhiteTitle "FM"]
[WhiteElo "2390"]
[BlackElo "1936"]
[WhiteFideId "1334263"]
[BlackFideId "25950673"]
[EventDate "2024.06.02"]

1. e4 c5 2. Nf3 e6 3. d4 cxd4 4. Nxd4 Nf6 5. Nc3 Nc6 6. Ndb5 Bc5 7. Bf4 O-O 8.
Bc7 Qe7 9. Bd6 Bxd6 10. Qxd6 Qd8 11. O-O-O a6 12. Nd4 Ne7 13. h4 b5 14. h5 Bb7
15. h6 gxh6 16. Qf4 Ng6 17. Qxh6 Re8 18. Bd3 b4 1-0

[Event "61st World Juniors 2024"]
[Site "Gandhinagar IND"]
[Date "2024.06.06"]
[Round "5.42"]
[White "Insara, S D Nadev"]
[Black "Vrashank, Chouhan"]
[Result "0-1"]
[BlackTitle "FM"]
[WhiteElo "1874"]
[BlackElo "2209"]
[WhiteFideId "29932050"]
[BlackFideId "25944240"]
[EventDate "2024.06.02"]

1. c4 c5 2. Nf3 Nf6 3. Nc3 Nc6 4. g3 d5 5. cxd5 Nxd5 6. Bg2 Nc7 7. O-O e5 8. d3
Be7 9. Be3 O-O 10. Rc1 b6 11. Nd2 Bd7 12. Nc4 f6 13. Nd5 Nxd5 14. Bxd5+ Kh8 15.
f4 b5 16. Nd2 Rc8 17. Bg2 exf4 18. Bxf4 Be6 19. Ne4 f5 20. Nf2 Bxa2 21. Ra1 Bd5
22. e4 fxe4 23. Nxe4 a5 24. Qh5 Bf7 25. Qg4 Bg6 26. h4 a4 27. h5 Bf5 28. Qd1
Qd4+ 29. Kh1 Ne5 30. h6 Nxd3 31. hxg7+ Kxg7 32. Qh5 Bxe4 33. Bh6+ Kh8 34. Bxf8
Bxf8 35. Rf7 Bg6 0-1

[Event "61st World Juniors 2024"]
[Site "Gandhinagar IND"]
[Date "2024.06.06"]
[Round "5.43"]
[White "Md Imran"]
[Black "Sureka Akshat"]
[Result "1-0"]
[WhiteTitle "FM"]
[WhiteElo "2180"]
[BlackElo "1972"]
[WhiteFideId "25748580"]
[BlackFideId "25774492"]
[EventDate "2024.06.02"]

1. c4 e6 2. g3 d5 3. Bg2 Nf6 4. Nf3 Bd6 5. O-O O-O 6. d4 h6 7. Nc3 Nc6 8. c5 Be7
9. a3 Ne4 10. Qd3 f5 11. b4 Bf6 12. e3 Bd7 13. Bb2 a5 14. b5 Ne7 15. a4 b6 16.
c6 Be8 17. Ba3 g5 18. Ne5 Nd6 19. g4 fxg4 20. Nxg4 Bg6 21. Nxf6+ Rxf6 22. Qe2
Nef5 23. f4 gxf4 24. Rxf4 Nc4 25. Bc1 Nxd4 26. e4 Rxf4 27. Bxf4 Qf6 28. Qf2 Rf8
29. Rf1 dxe4 30. Bxh6 Qxf2+ 31. Rxf2 Rxf2 32. Kxf2 Kf7 33. Bf4 Ke7 34. Bf1 Kd8 1-0

[Event "61st World Juniors 2024"]
[Site "Gandhinagar IND"]
[Date "2024.06.06"]
[Round "5.44"]
[White "Radojicic, Aleksandar M"]
[Black "Shah, Jeet"]
[Result "1/2-1/2"]
[WhiteElo "2088"]
[BlackElo "1946"]
[WhiteFideId "979694"]
[BlackFideId "45012954"]
[EventDate "2024.06.02"]

1. d4 d5 2. c4 e6 3. Nc3 Nf6 4. cxd5 exd5 5. Bg5 Nbd7 6. e3 Bb4 7. Bd3 O-O 8.
Ne2 c6 9. O-O h6 10. Bh4 Re8 11. Qc2 Be7 12. f3 Nf8 13. Rad1 Be6 14. Kh1 Rc8 15.
Bf2 Qa5 16. Qb1 b5 17. Nf4 b4 18. Nce2 Red8 19. Nxe6 Nxe6 20. Bf5 c5 21. dxc5
Bxc5 22. Bh4 Be7 23. Nf4 Rc6 24. Bxe6 fxe6 25. Ng6 Qc7 26. Rc1 Rc4 27. e4 Bd6
28. Rfd1 dxe4 29. fxe4 Nxe4 30. Rxc4 Qxc4 31. b3 Qe2 32. Re1 Nf2+ 33. Kg1 Nh3+
34. Kh1 Nf2+ 35. Kg1 Nh3+ 36. Kh1 Nf2+ 37. Bxf2 Qxf2 38. Rxe6 Qf7 39. Re1 Re8
40. Nh4 Rxe1+ 41. Qxe1 a5 42. Nf3 Qd5 43. Qd2 Qxd2 44. Nxd2 Kf7 45. Nc4 Bc7 46.
Kg1 Ke6 47. Kf2 Kd5 48. Ke3 a4 49. h3 axb3 50. axb3 Bh2 51. Kd3 Bg1 52. Nd2 Bf2
53. Ne4 Bd4 54. Nd2 Bg1 55. Nf3 1/2-1/2

[Event "61st World Juniors 2024"]
[Site "Gandhinagar IND"]
[Date "2024.06.06"]
[Round "5.45"]
[White "Rohith S"]
[Black "Halynyazov, Vepaly"]
[Result "1/2-1/2"]
[WhiteElo "1866"]
[BlackElo "2058"]
[WhiteFideId "45075360"]
[BlackFideId "14004020"]
[EventDate "2024.06.02"]

1. e4 c5 2. Nf3 d6 3. d4 cxd4 4. Nxd4 Nf6 5. Nc3 g6 6. Be3 Bg7 7. f3 O-O 8. Bc4
Nc6 9. Qd2 Bd7 10. O-O-O Ne5 11. Bb3 Qa5 12. h4 h5 13. g4 Rfc8 14. gxh5 Nxh5 15.
Rhg1 Nc4 16. Bxc4 Rxc4 17. Rg5 b5 18. Rdg1 Nf4 19. Nb3 Bxc3 20. Nxa5 Bxd2+ 21.
Kxd2 Nh3 22. Nxc4 Nxg1 23. Bxg1 bxc4 24. h5 Kg7 25. hxg6 fxg6 26. Ra5 a6 27. f4
Bc6 28. Bd4+ Kf7 29. Ke3 Ke6 30. Rg5 Kf7 31. Ra5 Bb7 32. Ra4 Rc8 33. Rb4 Rc7 34.
Bb6 Rc6 35. Bd4 Bc8 36. Rb8 Ke6 37. a4 Kd7 38. Bb6 e5 39. a5 Ke6 40. Ra8 exf4+
41. Kxf4 d5 42. exd5+ Kxd5 43. c3 g5+ 44. Kxg5 Ke4 45. Ra7 Kd3 46. Rc7 Rxc7 47.
Bxc7 Kc2 48. Bd6 Kxb2 49. Bb4 Bd7 50. Kf6 Bb5 1/2-1/2

[Event "61st World Juniors 2024"]
[Site "Gandhinagar IND"]
[Date "2024.06.06"]
[Round "5.46"]
[White "Guru Prakash"]
[Black "Mizzi, Jack"]
[Result "1/2-1/2"]
[BlackTitle "CM"]
[WhiteElo "1817"]
[BlackElo "2051"]
[WhiteFideId "25138316"]
[BlackFideId "5602521"]
[EventDate "2024.06.02"]

1. e4 c6 2. Nc3 d5 3. Nf3 dxe4 4. Nxe4 Nf6 5. Qe2 Nxe4 6. Qxe4 Nd7 7. Bc4 Nf6 8.
Ne5 e6 9. Qe2 b5 10. Bb3 Qc7 11. d4 Bd6 12. a4 Rb8 13. axb5 cxb5 14. Bg5 a5 15.
O-O a4 16. Ba2 O-O 17. c4 bxc4 18. Bxc4 Nd5 19. Bxd5 exd5 20. Rfc1 Qb7 21. Be3
Be6 22. Rxa4 Qxb2 23. Qxb2 Rxb2 24. Ra6 Bxe5 25. dxe5 h6 26. Ra4 Rfb8 27. h3 Kh7
28. Rd1 g5 29. Rdd4 Kg6 30. g4 R2b5 31. Kh2 Rf8 32. Ra1 Rb2 33. Ra3 Kg7 34. Ra1
Rc8 35. Rda4 1/2-1/2

[Event "61st World Juniors 2024"]
[Site "Gandhinagar IND"]
[Date "2024.06.06"]
[Round "5.47"]
[White "Yohan Yadav Tarala"]
[Black "Singh, Siddharth"]
[Result "1/2-1/2"]
[WhiteElo "1810"]
[BlackElo "2050"]
[WhiteFideId "33385300"]
[BlackFideId "39907023"]
[EventDate "2024.06.02"]

1. e4 c5 2. Nc3 d6 3. f4 g6 4. Nf3 Bg7 5. Bb5+ Bd7 6. a4 Nc6 7. O-O e6 8. Bxc6
Bxc6 9. d4 Ne7 10. dxc5 dxc5 11. Qe2 O-O 12. Ne5 Qb6 13. Be3 Qxb2 14. Qc4 Qb4
15. Qxc5 Qxc5 16. Bxc5 Rfe8 17. Nxc6 Nxc6 18. e5 b6 19. Bd6 Nd4 20. Nb5 Nxc2 21.
Rac1 Ne3 22. Rfe1 Nd5 23. Nc7 Nxc7 24. Rxc7 Rec8 25. Rec1 Rxc7 26. Rxc7 Bf8 27.
Bxf8 Kxf8 28. Kf2 a6 29. Rb7 b5 30. axb5 axb5 31. Rxb5 Ra3 1/2-1/2

[Event "61st World Juniors 2024"]
[Site "Gandhinagar IND"]
[Date "2024.06.06"]
[Round "5.48"]
[White "Eugen Mehul Shah"]
[Black "Bhoir Paras Dilip"]
[Result "0-1"]
[WhiteElo "1744"]
[BlackElo "2016"]
[WhiteFideId "33444552"]
[BlackFideId "25763695"]
[EventDate "2024.06.02"]

1. d4 d5 2. c4 e6 3. Nf3 Nf6 4. g3 Bb4+ 5. Bd2 Be7 6. Bg2 O-O 7. O-O Nbd7 8. Qc2
Ne4 9. Nc3 Nxd2 10. Nxd2 c6 11. e4 dxc4 12. Nxc4 Nb6 13. Nxb6 Qxb6 14. Rfd1 e5
15. d5 Bg4 16. Rd3 Rfd8 17. h3 Bh5 18. g4 Bg6 19. Rad1 Rac8 20. dxc6 bxc6 21.
Rd7 Bh4 22. Na4 Qa5 23. b3 Rxd7 24. Rxd7 c5 25. Qd2 Qb4 26. Qxb4 cxb4 27. Rd2
Rc1+ 28. Kh2 Bg5 29. Rd3 Bf4+ 30. Rg3 Rc2 31. Kg1 Bxg3 32. fxg3 f6 33. Bf1 Be8
34. Bc4+ Rxc4 35. bxc4 Bxa4 36. Kf2 Bc2 37. c5 Bxe4 38. Ke3 Bd5 0-1

[Event "61st World Juniors 2024"]
[Site "Gandhinagar IND"]
[Date "2024.06.06"]
[Round "5.49"]
[White "Sharnarthi Shlok"]
[Black "Pozzari, Simone"]
[Result "0-1"]
[BlackTitle "FM"]
[WhiteElo "1838"]
[BlackElo "2276"]
[WhiteFideId "25977776"]
[BlackFideId "2831282"]
[EventDate "2024.06.02"]

1. e4 c5 2. Nf3 d6 3. c3 Nf6 4. h3 Bd7 5. Bd3 Bc6 6. Qe2 e5 7. Bc2 Be7 8. d4 Qc7
9. O-O O-O 10. a4 Re8 11. dxe5 dxe5 12. Na3 Nbd7 13. Rb1 Nf8 14. Nb5 Qb8 15. Na3
Ng6 16. g3 h6 17. h4 Bd7 18. Nc4 Ng4 19. h5 Nf8 20. Nh2 Nxh2 21. Kxh2 Nh7 22.
Ne3 Nf6 23. Bb3 Qc8 24. f3 Be6 25. Bc2 Nxh5 26. Nf5 Bf8 27. f4 Bxf5 28. fxe5 Bg4
29. Qf2 Qc7 30. Bf4 g5 31. Be3 Bg7 32. Bxc5 Bxe5 33. Kg1 Bxg3 34. Qe3 Bf4 35.
Qf2 Bh3 36. Rfd1 Qc8 37. Rd3 Qg4+ 38. Kh1 Ng3+ 39. Rxg3 Qxg3 40. Qxg3 Bxg3 41.
Rd1 Rad8 42. Bd4 Be5 0-1

[Event "61st World Juniors 2024"]
[Site "Gandhinagar IND"]
[Date "2024.06.06"]
[Round "5.50"]
[White "Boricha Yohan"]
[Black "Jani, Kushal R"]
[Result "0-1"]
[WhiteElo "1811"]
[BlackElo "2192"]
[WhiteFideId "46672923"]
[BlackFideId "25679988"]
[EventDate "2024.06.02"]

1. e4 c6 2. d4 d5 3. Nc3 dxe4 4. Nxe4 Nf6 5. Nxf6+ exf6 6. c3 Bd6 7. Bd3 O-O 8.
Qc2 Re8+ 9. Ne2 h5 10. O-O h4 11. h3 Nd7 12. Be3 Nf8 13. c4 Be6 14. Rad1 Rc8 15.
Rfe1 b5 16. c5 Bb8 17. b4 Bd7 18. Be4 Ne6 19. d5 cxd5 20. Rxd5 Qc7 21. Rh5 Qh2+
22. Kf1 Ng5 23. Bh7+ Kf8 24. Bf5 Bc6 25. Nf4 g6 26. Rxh4 Bxf4 27. Rxf4 Qxg2+ 28.
Ke2 0-1

[Event "61st World Juniors 2024"]
[Site "Gandhinagar IND"]
[Date "2024.06.06"]
[Round "5.51"]
[White "Vengatesh, Krishnan C"]
[Black "Talgatov, Nazar"]
[Result "0-1"]
[WhiteElo "1790"]
[BlackElo "2108"]
[WhiteFideId "45050457"]
[BlackFideId "13743694"]
[EventDate "2024.06.02"]

1. e4 e5 2. Nf3 Nf6 3. Nxe5 d6 4. Nf3 Nxe4 5. d3 Nf6 6. d4 d5 7. Bd3 Be7 8. h3
O-O 9. O-O b6 10. Re1 Bb7 11. Bg5 Re8 12. Nbd2 Nbd7 13. c3 a6 14. Rc1 c5 15. Bf4
c4 16. Bb1 Nf8 17. Bh2 g6 18. Ne5 b5 19. f4 b4 20. Qf3 Qb6 21. Re2 Bd6 22. Rce1
a5 23. Kh1 Kg7 24. f5 g5 25. h4 h6 26. Qg3 g4 27. h5 N8h7 28. Qh4 Ng5 29. Bf4
Ngh7 30. Bh2 a4 31. Nxg4 Rxe2 32. Rxe2 Bxh2 33. Nxh2 a3 34. cxb4 axb2 35. Qg3+
Kh8 36. Qc3 Qc7 37. Nhf3 Nxh5 38. Ne5 Rg8 39. Nf1 N7f6 40. Rxb2 Ng4 41. Qc1 Qb6
42. Nxf7+ Kg7 43. Ne5 Qxd4 44. Nxg4 Qxg4 45. Qe1 Kh8 46. Rd2 d4 47. Qe5+ Qg7 48.
Qxg7+ Rxg7 49. Rxd4 Bxg2+ 50. Kh2 Bxf1 51. Rd1 Rg2+ 0-1

[Event "61st World Juniors 2024"]
[Site "Gandhinagar IND"]
[Date "2024.06.06"]
[Round "5.52"]
[White "Bharadia Yash"]
[Black "Mankga, Thabang"]
[Result "1-0"]
[WhiteTitle "CM"]
[WhiteElo "2100"]
[BlackElo "1817"]
[WhiteFideId "45087822"]
[BlackFideId "14334798"]
[EventDate "2024.06.02"]

1. e4 c5 2. Nf3 e6 3. d4 cxd4 4. Nxd4 Nc6 5. Nc3 a6 6. Bf4 d6 7. Bg3 Qc7 8. Qd2
Nf6 9. Nb3 Be7 10. O-O-O e5 11. Nd5 Nxd5 12. exd5 Nb8 13. f4 exf4 14. Bxf4 Bf5
15. Nd4 Bg6 16. h4 Nd7 17. h5 Be4 18. Re1 Nf6 19. Bg5 Bxd5 20. Nf5 Be6 21. Nxe7
Qxe7 22. h6 Rg8 23. Qd4 Qc7 24. hxg7 Nd7 25. Rxh7 Nc5 26. b4 Na4 27. Bf6 Rc8 28.
Bd3 Kd7 29. Rh8 Nb6 30. Rxg8 Rxg8 31. Bh7 Rc8 32. g8=Q Rxg8 33. Bxg8 Nd5 34. Bh7
Kc8 35. Bd3 Kb8 36. Rh1 b5 37. Rh8+ Kb7 38. Be4 Qc4 39. Qxc4 bxc4 40. Rh5 Kc6
41. c3 1-0

[Event "61st World Juniors 2024"]
[Site "Gandhinagar IND"]
[Date "2024.06.06"]
[Round "5.53"]
[White "Oluka Robert Mcligeyo"]
[Black "Vedant Garg"]
[Result "1-0"]
[WhiteElo "2050"]
[BlackElo "1811"]
[WhiteFideId "10814647"]
[BlackFideId "33422362"]
[EventDate "2024.06.02"]

1. Nf3 Nf6 2. c4 g6 3. Nc3 Bg7 4. g3 O-O 5. Bg2 c5 6. O-O Nc6 7. e3 d6 8. d4 Rb8
9. h3 a6 10. Qe2 b5 11. dxc5 dxc5 12. Rd1 Qa5 13. Nd2 Ne5 14. e4 Rd8 15. cxb5
axb5 16. f4 Nd3 17. Nb3 Nxc1 18. Raxc1 Rxd1+ 19. Rxd1 Qb6 20. e5 c4+ 21. Nd4 Ne8
22. Nd5 Qc5 23. Qf2 Bf8 24. Nc6 Qxf2+ 25. Kxf2 Rb7 26. Ne3 Rd7 27. Nd4 Nc7 28.
Bc6 Rd8 29. Nxb5 Rxd1 30. Nxd1 Na6 31. Bg2 f6 32. Bd5+ Kg7 33. e6 Nc5 34. Nc7
Na6 35. Nxa6 Bxa6 36. Ke3 f5 37. Kd4 Kg8 38. Bxc4 Bg7+ 39. Kc5 Bb7 40. Bd5 Ba6
41. b4 Kf8 42. b5 Bc8 43. b6 Ke8 44. b7 Bxb7 45. Bxb7 Kd8 46. a4 Kc7 47. Bc6 g5
48. Ne3 gxf4 49. Nd5+ Kb8 50. gxf4 Bb2 51. Kb5 Ba3 52. Kb6 Bd6 53. a5 h5 54. a6
h4 55. a7+ Kc8 56. a8=Q+ Bb8 57. Bd7+ 1-0

[Event "61st World Juniors 2024"]
[Site "Gandhinagar IND"]
[Date "2024.06.06"]
[Round "5.54"]
[White "Dhami, Dipak"]
[Black "Kartik Kumar Singh"]
[Result "0-1"]
[WhiteElo "1702"]
[BlackElo "2042"]
[WhiteFideId "12325899"]
[BlackFideId "46676465"]
[EventDate "2024.06.02"]

1. d4 Nf6 2. Bf4 c5 3. e3 Qb6 4. Na3 d6 5. Nc4 Qc7 6. a4 g6 7. Nf3 Bg7 8. h3 O-O
9. Be2 Be6 10. Ncd2 Bc8 11. O-O Nbd7 12. Nc4 b6 13. Na3 a6 14. d5 Bb7 15. c4 Nh5
16. Qc2 Nxf4 17. exf4 Rae8 18. Rad1 e6 19. Rd2 e5 20. fxe5 Nxe5 21. Nb1 Nxf3+
22. Bxf3 Bc8 23. Re2 Bf5 24. Qd2 Qd7 25. b3 Rxe2 26. Bxe2 Re8 27. Bf3 Qe7 28.
Nc3 Qe5 29. Ne2 Bd7 30. Re1 a5 31. Kf1 Qh2 32. Ng1 Be5 33. Qg5 Kg7 34. Qd2 h5
35. Qd1 Qh1 36. g4 Qh2 37. Bg2 hxg4 38. hxg4 Qh4 39. Re4 Bd4 40. Rf4 f5 41. Rxd4
cxd4 42. Qxd4+ Qf6 43. Qxf6+ Kxf6 44. gxf5 Bxf5 45. Nf3 Bd3+ 46. Kg1 Re4 47. Kh2
Bc2 48. Kh3 Bxb3 49. Nd2 Rd4 50. Nxb3 Rd3+ 0-1

[Event "61st World Juniors 2024"]
[Site "Gandhinagar IND"]
[Date "2024.06.06"]
[Round "5.55"]
[White "Sharon, Rafael"]
[Black "Katta, Sriansh"]
[Result "1-0"]
[WhiteElo "2015"]
[BlackElo "1753"]
[WhiteFideId "74601580"]
[BlackFideId "30981034"]
[EventDate "2024.06.02"]

1. d4 Nf6 2. Nf3 g6 3. g3 Bg7 4. Bg2 O-O 5. O-O d6 6. c4 c6 7. Nc3 Nbd7 8. e4 e5
9. d5 Nc5 10. Re1 a5 11. Qc2 cxd5 12. Nxd5 Nxd5 13. cxd5 Bd7 14. Be3 Rc8 15.
Rac1 b6 16. Qb1 Bb5 17. Rcd1 Qd7 18. h4 Qa7 19. Bf1 Qa6 20. h5 Bxf1 21. Rxf1 a4
22. Kg2 Qc4 23. hxg6 fxg6 24. Bxc5 bxc5 25. b3 axb3 26. axb3 Qe2 27. Qd3 Qxd3
28. Rxd3 Bh6 29. Rc3 Ra8 30. Rh1 Kg7 31. Rb1 Ra3 32. Rc4 Rb8 33. b4 Ra4 34. bxc5
Rxb1 35. Rxa4 dxc5 36. Ra8 Kf7 1-0

[Event "61st World Juniors 2024"]
[Site "Gandhinagar IND"]
[Date "2024.06.06"]
[Round "5.57"]
[White "BRUGETTE, Romain"]
[Black "Arul Prakash N"]
[Result "0-1"]
[WhiteElo "1655"]
[BlackElo "1907"]
[WhiteFideId "9700676"]
[BlackFideId "45061114"]
[EventDate "2024.06.02"]

1. d4 Nf6 2. c4 e6 3. Nc3 Bb4 4. Qc2 b6 5. e4 c5 6. a3 Bxc3+ 7. bxc3 Bb7 8. Bd3
d6 9. Ne2 Nbd7 10. O-O Rc8 11. f3 cxd4 12. cxd4 d5 13. e5 Ng8 14. Qb3 dxc4 15.
Bxc4 Ne7 16. Bd3 Bd5 17. Qd1 O-O 18. Ng3 Bc4 19. Ne4 Bxd3 20. Qxd3 Nxe5 21. Qe2
Qxd4+ 22. Be3 Qd3 23. Qf2 Rc2 24. Rfd1 Rxf2 25. Rxd3 Rxg2+ 26. Kxg2 Nxd3 27. Rg1
Nd5 28. Bd4 a5 29. Ba1 Ne3+ 30. Kh3 f5 31. f4 fxe4 0-1

[Event "61st World Juniors 2024"]
[Site "Gandhinagar IND"]
[Date "2024.06.06"]
[Round "5.59"]
[White "Alhejab, Meshal"]
[Black "Piyush, Kumar"]
[Result "0-1"]
[WhiteElo "1837"]
[BlackElo "1795"]
[WhiteFideId "10302603"]
[BlackFideId "25674927"]
[EventDate "2024.06.02"]

1. e4 c5 2. Nf3 Nc6 3. Bb5 g6 4. O-O Bg7 5. Re1 Nf6 6. c3 O-O 7. h3 h6 8. Bxc6
bxc6 9. d3 d6 10. Be3 Rb8 11. Qc2 Nd7 12. Nh2 e5 13. f4 f5 14. g3 fxe4 15. dxe4
exf4 16. Bxf4 Ne5 17. h4 Rxf4 18. gxf4 Qxh4 19. Nd2 Qg3+ 20. Kh1 Nd3 21. Rf1
Rxb2 0-1

[Event "61st World Juniors 2024"]
[Site "Gandhinagar IND"]
[Date "2024.06.06"]
[Round "5.60"]
[White "De Maupeou D'ableiges, Alexandre"]
[Black "Matsumura, Cocoro"]
[Result "0-1"]
[WhiteElo "1831"]
[BlackElo "2032"]
[WhiteFideId "4313585"]
[BlackFideId "36087114"]
[EventDate "2024.06.02"]

1. e4 c5 2. d4 cxd4 3. c3 dxc3 4. Nxc3 e6 5. Nf3 Nc6 6. Bc4 Bb4 7. O-O a6 8. Bf4
Nge7 9. Qe2 O-O 10. e5 Ng6 11. Bg3 Bxc3 12. bxc3 f5 13. exf6 Qxf6 14. Bd6 Re8
15. Qe4 b5 16. Bd3 Bb7 17. Qg4 Nce5 18. Nxe5 Nxe5 19. Bxh7+ Kxh7 20. Qh5+ Qh6
21. Qxh6+ gxh6 22. Bxe5 Rg8 23. g3 Rac8 24. a4 Bc6 25. axb5 Bxb5 26. Rfb1 Kg6
27. f4 Kf5 28. Kf2 d6 29. Bxd6 Rxc3 30. Rb2 Rgc8 31. Raa2 Kg4 32. Bb4 Rf3+ 33.
Kg2 Bf1+ 34. Kg1 Bd3 35. Ra1 Kh3 36. Re1 Rc4 37. Bf8 h5 38. Be7 Re4 39. Rxe4
Rf1# 0-1

[Event "61st World Juniors 2024"]
[Site "Gandhinagar IND"]
[Date "2024.06.06"]
[Round "5.61"]
[White "Dhairya Amit Shroff"]
[Black "Makwana, Devam"]
[Result "0-1"]
[WhiteElo "1459"]
[BlackElo "1820"]
[WhiteFideId "33402094"]
[BlackFideId "25632566"]
[EventDate "2024.06.02"]

1. e4 c5 2. d4 cxd4 3. c3 Nf6 4. e5 Nd5 5. cxd4 d6 6. Nf3 Nc6 7. Be2 Bf5 8. O-O
e6 9. Na3 Be7 10. Nb5 O-O 11. exd6 Bxd6 12. Nxd6 Qxd6 13. a3 Rac8 14. Bd2 Rfd8
15. Rc1 Be4 16. Bg5 f6 17. Bd2 Bxf3 18. Bxf3 Nxd4 19. Be4 f5 20. Bb1 g6 21. Kh1
e5 22. Ba2 Kg7 23. Bg5 Nf6 24. f3 Qb6 25. Rxc8 Rxc8 26. Qe1 Qd6 27. Qh4 h5 28.
Rd1 Rc2 29. Rb1 Qc6 30. Bxf6+ Qxf6 31. Qxf6+ Kxf6 32. Bd5 b5 33. b4 Ne2 34. Bb3
Rc3 35. Bd1 Nd4 36. Ra1 e4 37. fxe4 fxe4 38. Kg1 e3 39. Kf1 Ke5 40. Ke1 Rc2 41.
Rb1 Rxg2 42. Rc1 Rg1# 0-1

[Event "61st World Juniors 2024"]
[Site "Gandhinagar IND"]
[Date "2024.06.07"]
[Round "6.1"]
[White "Cardoso Cardoso, Jose Gabriel"]
[Black "Nogerbek, Kazybek"]
[Result "1/2-1/2"]
[WhiteTitle "GM"]
[BlackTitle "IM"]
[WhiteElo "2497"]
[BlackElo "2502"]
[WhiteFideId "4430492"]
[BlackFideId "13710427"]
[EventDate "2024.06.02"]

1. e4 e5 2. Nf3 Nc6 3. Bb5 a6 4. Ba4 Nge7 5. c3 Ng6 6. d4 exd4 7. cxd4 Bb4+ 8.
Nc3 d5 9. O-O dxe4 10. Nxe4 O-O 11. d5 Nce7 12. a3 Bd6 13. Bb3 Bf5 14. Re1 Bf4
15. Bxf4 Nxf4 16. d6 Neg6 17. Nfg5 Bxe4 18. Nxe4 cxd6 19. Qxd6 1/2-1/2

[Event "61st World Juniors 2024"]
[Site "Gandhinagar IND"]
[Date "2024.06.07"]
[Round "6.2"]
[White "Grebnev, Aleksey"]
[Black "Quizon, Daniel"]
[Result "1/2-1/2"]
[WhiteTitle "GM"]
[BlackTitle "IM"]
[WhiteElo "2540"]
[BlackElo "2448"]
[WhiteFideId "34189030"]
[BlackFideId "5217911"]
[EventDate "2024.06.02"]

1. d4 Nf6 2. c4 g6 3. Nc3 Bg7 4. e4 d6 5. Be2 O-O 6. Be3 c5 7. d5 e6 8. Nf3 exd5
9. cxd5 Bg4 10. Nd2 Bxe2 11. Qxe2 Re8 12. O-O a6 13. a4 b6 14. h3 Nbd7 15. Rfe1
Qc7 16. Bf4 Nh5 17. Be3 Ne5 18. g4 Nf6 19. f4 Ned7 20. Qd3 c4 21. Nxc4 Nc5 22.
Bxc5 Qxc5+ 23. Kg2 Rac8 24. Nd2 Qb4 25. Ra2 Nd7 26. Qxa6 Bxc3 27. bxc3 Rxc3 28.
Qb5 Qxb5 29. axb5 Nf6 30. Rf1 Nxe4 31. Re1 f5 32. gxf5 gxf5 33. Nxe4 fxe4 34.
Ra4 Rd3 35. Raxe4 1/2-1/2

[Event "61st World Juniors 2024"]
[Site "Gandhinagar IND"]
[Date "2024.06.07"]
[Round "6.3"]
[White "Prraneeth, Vuppala"]
[Black "Pranav, Anand"]
[Result "1/2-1/2"]
[WhiteTitle "GM"]
[BlackTitle "GM"]
[WhiteElo "2436"]
[BlackElo "2540"]
[WhiteFideId "46622373"]
[BlackFideId "46626786"]
[EventDate "2024.06.02"]

1. c4 e5 2. Nc3 d6 3. g3 f5 4. d4 Be7 5. Bh3 Na6 6. b3 Nf6 7. dxe5 dxe5 8. Qxd8+
Bxd8 9. Nf3 e4 10. Nd4 g6 11. Ba3 c6 12. O-O-O Kf7 13. f3 Ba5 14. Bb2 Re8 15.
Rhf1 exf3 16. exf3 Nc5 17. Nc2 Bc7 18. b4 Ncd7 19. f4 Nb6 20. c5 Nbd5 21. Nxd5
Nxd5 22. Bg2 Nf6 23. Rfe1 Rxe1 24. Nxe1 Be6 25. Nf3 Ne4 26. Be5 Bd8 27. Kb2 a5
28. Nd4 axb4 29. Nxe6 Kxe6 30. Bf1 b5 31. cxb6 Bxb6 32. Bc4+ Ke7 33. g4 Ra3 34.
Bb3 Ra7 35. gxf5 gxf5 36. Rd3 Bc7 37. Rh3 Bxe5+ 38. fxe5 Ke8 39. Rf3 Rg7 40.
Rxf5 Rg2+ 41. Kc1 Rxh2 42. Rf4 Nc3 43. Rxb4 Nxa2+ 44. Bxa2 Rxa2 45. Rh4 Ra7 46.
Rh6 Rc7 47. Kc2 Kf8 48. Kc3 Kg7 49. Rd6 h5 50. Kc4 c5 51. e6 Kf6 52. e7+ Kxe7
53. Rh6 Kd7 54. Rxh5 Kd6 55. Rh6+ Kd7 56. Rh7+ Kd6 57. Rxc7 Kxc7 58. Kxc5 1/2-1/2